Most Valuable Players Club World Cup 2025 A-Z - Statistics

General Stats
  • This quiz has been taken 154 times
  • The average score is 25 of 50
Answer Stats
Letter CMV Club Answer % Correct
B €180.00m Real Madrid Jude Bellingham
89%
H €180.00m Manchester City Erling Haaland
88%
D €90.00m Paris Saint-Germain Désiré Doué
87%
A €100.00m Atletico Madrid Julián Alvarez
87%
F €100.00m Manchester City Phil Foden
83%
P €120.00m Chelsea Cole Palmer
82%
D €90.00m Paris Saint-Germain Ousmane Dembélé
82%
M €180.00m Real Madrid Kylian Mbappé
80%
V €170.00m Real Madrid Vinícius Júnior
78%
B €80.00m Inter Milan Alessandro Bastoni
73%
R €110.00m Manchester City Rodri
71%
O €100.00m Bayern Munich Michael Olise
68%
C €90.00m Chelsea Moisés Caicedo
68%
R €90.00m Real Madrid Rodrygo
68%
E €35.00m Real Madrid Endrick
67%
K €75.00m Bayern Munich Harry Kane
67%
V €130.00m Real Madrid Federico Valverde
66%
E €60.00m Palmeiras Estêvão
64%
H €80.00m Paris Saint-Germain Achraf Hakimi
63%
M €140.00m Bayern Munich Jamal Musiala
63%
G €75.00m Manchester City Josko Gvardiol
59%
F €75.00m Chelsea Enzo Fernández
57%
C €60.00m Real Madrid Eduardo Camavinga
56%
K €90.00m Paris Saint-Germain Khvicha Kvaratskhelia
56%
N €80.00m Paris Saint-Germain João Neves
55%
T €75.00m Real Madrid Aurélien Tchouaméni
54%
Y €50.00m Juventus Kenan Yıldız
52%
U €50.00m Bayern Munich Dayot Upamecano
48%
A €75.00m Real Madrid Trent Alexander-Arnold
46%
T €75.00m Inter Milan Marcus Thuram
45%
S €50.00m Manchester City Savinho
45%
N €50.00m Chelsea Pedro Neto
44%
P €65.00m Paris Saint-Germain Willian Pacho
43%
J €50.00m Chelsea Nicolas Jackson
41%
J €30.00m Chelsea Reece James
40%
Z €55.00m Paris Saint-Germain Warren Zaïre-Emery
40%
O €20.00m Atletico Madrid Jan Oblak
34%
G €50.00m Borussia Dortmund Jamie Gittens
32%
L €40.00m Manchester City Rico Lewis
27%
S €40.00m Borussia Dortmund Nico Schlotterbeck
23%
L €40.00m Chelsea Roméo Lavia
22%
W €17.00m Juventus Timothy Weah
21%
I €25.00m Bayern Munich Hiroki Ito
20%
W €20.00m Flamengo Wesley
18%
L €40.00m Atletico Madrid Robin Le Normand
15%
U €12.00m Bayern Munich Jonas Urbig
13%
Z €12.00m Inter Milan Nicola Zalewski
12%
X €300k Fluminense Samuel Xavier
11%
I €7.00m Pachuca Oussama Idrissi
7%
Y €8.00m RB Salzburg Moussa Yeo
3%
No matching quizzes found
Score Distribution
Percent of People with Each Score
Percentile by Number Answered
Your Score History
You have not taken this quiz